Yüklüyor......
SANJAYAN
| Yazar: | |
|---|---|
| Materyal Türü: | Printed Book |
| Baskı/Yayın Bilgisi: |
CALICUT
THE MATHRUBHUMI PRINTING & PUBLISHING
1970
|
| Konular: |
| LEADER | 00462nam a2200169 4500 | ||
|---|---|---|---|
| 020 | |||
| 082 | |a 894.812 7 NAI | ||
| 100 | |a NAIR,M.R. | ||
| 245 | |a SANJAYAN |h Malayalam | ||
| 250 | |||
| 260 | |a CALICUT |b THE MATHRUBHUMI PRINTING & PUBLISHING |c 1970 | ||
| 300 | |a 259 p |f PB | ||
| 650 | |a SANJAYAN | ||
| 700 | |||
| 942 | |c TB | ||
| 999 | |c 153181 |d 153181 | ||
| 952 | |0 0 |1 0 |4 0 |6 894_812000000000000_7_NAI |7 0 |9 166638 |a ORI |b ORI |l 0 |o 894.812 7 NAI |p ORI1435 |r 2019-10-25 |w 2019-10-25 |y TB | ||